| 000 | 00834nas a2200277 4500 | ||
|---|---|---|---|
| 001 | BR9203863 | ||
| 003 | BR-BrBNA | ||
| 005 | 20231205095109.0 | ||
| 007 | ta | ||
| 008 | 230509b bl.|||p| |||| 00| 00por d | ||
| 040 |
_aBR-BrBNA _bpor _cBiblioteca Nacional de Agricultura |
||
| 041 | _a(Pt) | ||
| 072 | _aL73 | ||
| 100 | 1 | _aMendonca, G.A. de | |
| 100 | 1 | _aMendonca, M.D. da S. | |
| 100 | 1 | _aNogueira, Y. de A. | |
| 245 | 1 | _aSobre um caso de carcinoma hepatico difuso em Gallus gallus | |
| 650 | _aGalo | ||
| 650 | _aCarcinoma | ||
| 650 | _aVeterinaria | ||
| 650 | _aSaude Publica | ||
| 650 | _aZoonose | ||
| 773 | 0 |
_tArquivos da Universidade Federal Rural do Rio de Janeiro (Brazil) _xISSN 0100-2481 _g(Jan-Dec 1987), v. 10(1-2) p. 59-64 _wBR9203863 |
|
| 909 |
_a202311 _bLúcia _c55 _dLúcia Elande |
||
| 942 |
_2AGRIS _n0 _cANA |
||
| 999 |
_c148680 _d148680 |
||